000 00476nam a22001577a 4500
003 macl
005 20190228125927.0
008 190228b xxu||||| |||| 00| 0 eng d
040 _cmacl
082 _a891.433/ANA/N
100 _aतहमीमा अनम
_973768
245 _aएक सच्‍चा मुसलमान
260 _aदिल्‍ली
_bपेंगुइन बुक
_c2011
650 _aउपन्‍यास
_973769
942 _2ddc
_cHIN
999 _c58971
_d58971